000 00746nam a2200289Ia 4500
005 20260324112403.0
008 008 260324s9999 xx 000 0 eng d
020 _a9781003314660
037 _aEBOOK
040 _aCRL
040 _beng
040 _cCRL
041 _2eng
041 _aeng
084 _qCRL
100 _aJames Wadley
_91142479
245 4 _aThe Professional's Guide to Sexuality Consultation
245 3 _bAn Exploration of Entrepreneurship, Strategic Planning, and Business Influence
260 _bTaylor and Francis
260 _c2024
365 _a
365 _b220
856 _uhttp://www.taylorfrancis.com/books/9781003314660
942 _cEBOOK
999 _c1731668
_d1731668